000 00728nam a2200289Ia 4500
005 20260324133739.0
008 008 260324s9999 xx 000 0 eng d
020 _a9781849773447
037 _aEBOOK
040 _aCRL
040 _beng
040 _cCRL
041 _2eng
041 _aeng
084 _qCRL
100 _aRicardo Melendez-Ortiz; Christophe Bellmann
_91194239
245 0 _aTrading in Knowledge
245 0 _bDevelopment Perspectives on TRIPS, Trade and Sustainability
260 _bTaylor and Francis
260 _c2003
365 _a
365 _b280
856 _uhttp://www.taylorfrancis.com/books/9781849773447
942 _cEBOOK
999 _c1793612
_d1793612